Higher education in a decade of decision/ (Record no. 25567)

000 -LEADER
fixed length control field 00703cam a22002411 4500
001 - CONTROL NUMBER
control field 10279079
005 - DATE AND TIME OF LATEST TRANSACTION
control field 20170131161740.0
008 - FIXED-LENGTH DATA ELEMENTS--GENERAL INFORMATION
fixed length control field 731228s1957 dcua f000 0 eng
010 ## - LIBRARY OF CONGRESS CONTROL NUMBER
LC control number 57008812
035 ## - SYSTEM CONTROL NUMBER
System control number (OCoLC)768302
040 ## - CATALOGING SOURCE
Original cataloging agency DLC
Transcribing agency OClU
Modifying agency OCoLC
-- DLC
042 ## - AUTHENTICATION CODE
Authentication code premarc
050 00 - LIBRARY OF CONGRESS CALL NUMBER
Classification number LB2321
Item number .E43
110 2# - MAIN ENTRY--CORPORATE NAME
Corporate name or jurisdiction name as entry element Educational Policies Commission.
245 10 - TITLE STATEMENT
Title Higher education in a decade of decision/
260 ## - PUBLICATION, DISTRIBUTION, ETC. (IMPRINT)
Place of publication, distribution, etc. Washington :
Date of publication, distribution, etc. [1957]
Name of publisher, distributor, etc. Educational Policies Commision,
300 ## - PHYSICAL DESCRIPTION
Extent 152 p. :
Other physical details illus. ;
Dimensions 23 cm.
650 #0 - SUBJECT ADDED ENTRY--TOPICAL TERM
Topical term or geographic name as entry element Education, Higher
906 ## - LOCAL DATA ELEMENT F, LDF (RLIN)
a 7
b cbc
c oclcrpl
d u
e ncip
f 19
g y-gencatlg
942 ## - ADDED ENTRY ELEMENTS (KOHA)
Source of classification or shelving scheme
Koha item type Hard Covered Materials
Classification part LB 2321 .E43 1992
Holdings
Withdrawn status Lost status Source of classification or shelving scheme Damaged status Not for loan Home library Current library Shelving location Date acquired Source of acquisition Total Checkouts Full call number Barcode Date last seen Price effective from Koha item type
          MACHAKOS UNIVERSITY LIBRARY MACHAKOS UNIVERSITY LIBRARY Open shelf 31/01/2017 Donation (B.F.A)   LB 2321 .E43 1992 32920 03/02/2017 31/01/2017 Hard Covered Materials
© Machakos University Library, Along The Highway, Machakos Wote Rd, Machakos, Kenya P.O. Box 136 - 90100 Machakos - Kenya

Tel: ( +254 ) 723 805829 OR Fax : 044-20353 OR Email: library@mksu.ac.ke